El-Ahvelûl Şahsiyye Fil-İslam (Record no. 17848)

000 -LEADER
fixed length control field 00988nmm a2200289 a 4500
001 - CONTROL NUMBER
control field ocm0001916976
003 - CONTROL NUMBER IDENTIFIER
control field TR-IsHL
005 - DATE AND TIME OF LATEST TRANSACTION
control field 20201028173716.0
008 - FIXED-LENGTH DATA ELEMENTS--GENERAL INFORMATION
fixed length control field 180916s2015 tu ara
007 - PHYSICAL DESCRIPTION FIXED FIELD--GENERAL INFORMATION
fixed length control field cr cn
035 ## - SYSTEM CONTROL NUMBER
System control number 1916976
-- (N$T)
050 04 - LIBRARY OF CONGRESS CALL NUMBER
Classification number BP144
Item number .M65 2015
090 04 - LOCALLY ASSIGNED LC-TYPE CALL NUMBER (OCLC); LOCAL CALL NUMBER (RLIN)
Classification number (OCLC) (R) ; Classification number, CALL (RLIN) (NR) BP144
Local cutter number (OCLC) ; Book number/undivided call number, CALL (RLIN) .M65 2015
100 1# - MAIN ENTRY--PERSONAL NAME
Personal name Molla Abdülvehhab el Mardini
245 10 - TITLE STATEMENT
Title El-Ahvelûl Şahsiyye Fil-İslam
Medium [electronic resource] /
Statement of responsibility, etc. Molla Abdülvehhab el Mardini
250 ## - EDITION STATEMENT
Edition statement Birinci Basım
260 ## - PUBLICATION, DISTRIBUTION, ETC.
Place of publication, distribution, etc. İstanbul :
Name of publisher, distributor, etc. Yalın Yayıncılık,
Date of publication, distribution, etc. 2015
300 ## - PHYSICAL DESCRIPTION
Extent Numarasız p.
650 #4 - SUBJECT ADDED ENTRY--TOPICAL TERM
Topical term or geographic name entry element Eğitim
650 #4 - SUBJECT ADDED ENTRY--TOPICAL TERM
Topical term or geographic name entry element Education
650 #0 - SUBJECT ADDED ENTRY--TOPICAL TERM
Topical term or geographic name entry element İslam dini
General subdivision Kişisel gelişim
650 #0 - SUBJECT ADDED ENTRY--TOPICAL TERM
Topical term or geographic name entry element Self-actualization (Psyhology)
General subdivision Religious aspects
-- Islam
650 #0 - SUBJECT ADDED ENTRY--TOPICAL TERM
Topical term or geographic name entry element Islam
General subdivision Fiqh
650 #0 - SUBJECT ADDED ENTRY--TOPICAL TERM
Topical term or geographic name entry element İslam
General subdivision Fıkıh
650 #7 - SUBJECT ADDED ENTRY--TOPICAL TERM
Topical term or geographic name entry element RELIGION / Islam / Koran & Sacred Writings
Source of heading or term bisacsh
856 40 - ELECTRONIC LOCATION AND ACCESS
Uniform Resource Identifier <a href="http://search.ebscohost.com/login.aspx?direct=true&scope=site&db=e011xww&AN=1916976">http://search.ebscohost.com/login.aspx?direct=true&scope=site&db=e011xww&AN=1916976</a>

No items available.

Devinim Yazılım Eğitim Danışmanlık tarafından Koha'nın orjinal sürümü uyarlanarak geliştirilip kurulmuştur.